[Event "Sandefjord Caissa Spring A"]
[Site "Sandefjord"]
[Date "2019.06.10"]
[Round "9"]
[White "Hoyte, Jarle"]
[Black "Hansen, Rune Vik"]
[Result "0-1"]
[WhiteElo "1699"]
[BlackElo "1956"]
[PlyCount "76"]
[EventDate "2019.01.21"]
[EventType "tourn"]
[EventRounds "9"]
[EventCountry "NOR"]
[SourceTitle "EXT 2024"]
[Source "ChessBase"]
[SourceDate "2023.10.10"]
[SourceVersion "1"]
[SourceVersionDate "2023.10.10"]
[SourceQuality "1"]

1. d4 Nf6 2. c4 e6 3. Nc3 Bb4 4. Nf3 0-0 5. e3 Bxc3+ 6. bxc3 c5 7. Bd3 Nc6 8. 0-0 b6 9. Qc2 Qc7 10. e4 cxd4 11. cxd4 Nb4 12. Qb3 Nxd3 13. Qxd3 Ba6 14. Nd2 Rfc8 15. e5 Nd5 16. Ba3 Bxc4 17. Nxc4 Qxc4 18. Qxc4 Rxc4 19. Rfd1 Rac8 20. Kf1 Nc3 21. Rd3 a5 22. Bb2 Nd5 23. Rdd1 f5 24. Rac1 Rc2 25. Ba3 Kf7 26. Rxc2 Rxc2 27. Bd6 Nc3 28. Re1 Nxa2 29. g3 Nc3 30. Bc7 Nd5 31. Bd6 b5 32. Re2 Rc4 33. Rd2 b4 34. Ke2 a4 35. Kd3 Rc3+ 36. Ke2 a3 37. f4 Rb3 38. Kd1 Nc3+ 0-1